Operação arbiter : (Record no. 776)

MARC details
000 -LÍDER
Campo Fixo de Controle 00596nam a2200193 a 4500
001 - NÚMERO DE CONTROLE
Campo de Controle 776
003 - IDENTIFICAÇÃO DO NÚMERO DE CONTROLE
Campo de Controle BR-CuiBMT
005 - DATA E HORA DA ÚLTIMA ATUALIZAÇÃO
Campo de Controle 20231117140321.0
008 - DADOS FIXOS
Dados Fixos 231117s2005 dfb 000 0 por d
040 ## - AGÊNCIA CATALOGADORA
Código da Agência Catalogadora BR-CuiBMT
Agência que transcreveu o registro BR-CuiBMT
080 ## - Nº DA CLASSIFICAÇÃO DECIMAL UNIVERSAL
Nº edição CDU 2007
Nº Class. CDU 347.918
090 ## - NÚMERO DE CHAMADA
Nº classificação 347.918
Cutter M966o
100 1# - ENTRADA PRINCIPAL -- AUTOR PESSOAL
Nome pessoal Muniz, Petronio R. G.
245 10 - TÍTULO PRINCIPAL
Título principal Operação arbiter :
Subtítulo a história da lei nº 9.307/96 sobre a arbitragem comercial no Brasil /
Indicação de responsabilidade Petronio R. G. Muniz.
260 ## - PUBLICAÇÃO, DISTRIBUIÇÃO, ETC.
Local de publicação Brasilia :
Editora ITN,
Data 2005.
300 ## - DESCRIÇÃO FÍSICA
N. páginas ou volumes 362 p. ;
Dimensões 25 cm
650 ## - ASSUNTO TÓPICO
Cabeçalho tópico ou nome geográfico Arbitragem comercial
Subdivisão de forma legislação
Subdivisão geográfica Brasil
942 ## - ELEMENTOS DE ENTRADA ADICIONAIS (KOHA)
Fonte de classificação ou esquema de arquivamento Classificação Decimal Universal
Tipo de item do Koha Livros
Holdings
Estado: removido Estado: perdido Fonte de classificação ou esquema de arquivamento Estado: danificado Indisponível para empréstimo Localização permanente Localização atual Data de aquisição Total Checkouts Número de Chamada completo Código de barras Date last seen Número do exemplar Preço efetivo a partir de Tipo de item (Koha)
    Classificação Decimal Universal     Biblioteca da Escola Superior de Contas do TCE/MT Biblioteca da Escola Superior de Contas do TCE/MT 23/09/2008   347.918 M966o BIBTCEMT23110690 17/11/2023 Ex. 1 17/11/2023 Livros

Powered by Koha